57 'G' Movies Quiz Stats

 Plays Quiz Updated Apr 23, 2014

Also try: 57 'H' Movies
Challenge
Share
Tweet
Embed
Score 0/57 Timer 14:00
1 Play Today
Year & Genre(s) Movie % Correct
1984: Comedy/SciFiGhostbusters
85%
1993: Comedy/DramaGroundhog Day
84.9%
1939: WarGone with the Wind
82.8%
1997: DramaGood Will Hunting
80.8%
1972: CrimeThe Godfather
79.2%
2000: EpicGladiator
76.1%
1998: CreatureGodzilla
71.8%
1997: ActionG.I. Jane
71.3%
1984: HorrorGremlins
70.9%
1964: SpyGoldfinger
67.8%
1990: CrimeGoodfellas
67.8%
1985: AdventureThe Goonies
66.6%
1997: FamilyGeorge of the Jungle
65%
1987: ComedyGood Morning, Vietnam
64.3%
2000: ActionGone in Sixty Seconds
64.2%
1967: ComedyThe Graduate
61.5%
2008: DramaGran Torino
61.1%
1978: MusicalGrease
59.9%
1999: PrisonThe Green Mile
59.3%
2003: ComedyGigli
59.3%
1940: DramaThe Grapes of Wrath
58.6%
2002: CrimeGangs of New York
55.8%
1989: WarGlory
54.2%
1993: ComedyGrumpy Old Men
53.8%
1963: ActionThe Great Escape
51.4%
1993: WarGettysburg
51.1%
2004: Romance/ComedyGarden State
50.6%
1999: DramaGirl, Interrupted
50.1%
1966: WesternThe Good, the Bad, and the Ugly
49%
Year & Genre(s) Movie % Correct
1982: BiopicGandhi
47.7%
1995: ComedyGet Shorty
45.3%
1988: BiopicGorillas in the Mist
44.5%
2009: ActionG.I. Joe: The Rise of Cobra
42.3%
1967: DramaGuess Who's Coming to Dinner?
41%
2009: FamilyG-Force
35.2%
1955: MusicalGuys and Dolls
35.1%
1974: DramaThe Great Gatsby
34.4%
2007: SleazeGrindhouse
33.9%
1997: SciFiGattaca
33.1%
2005: CrimeGet Rich or Die Tryin'
32%
2005: DocumentaryGrizzly Man
31.5%
2004: HorrorThe Grudge
29.9%
1992: DramaGlengarry Glen Ross
28%
1956: DramaGiant
27.9%
2007: FantasyThe Golden Compass
23.8%
1981: WarGallipoli
23.5%
2007: FamilyThe Game Plan
19.8%
2007: ThrillerGone Baby Gone
17.5%
1971: ThrillerGet Carter
16.8%
1946: Film-NoirGilda
14.3%
1926: ComedyThe General
14%
1944: DramaGaslight
13.6%
1932: DramaGrand Hotel
10.5%
1947: DramaGentleman's Agreement
9.4%
2004: ComedyThe Girl Next Door
8.3%
1988: AnimatedGrave of the Fireflies
7.4%
1937: WarGrand Illusion
6.3%

You're not logged in!

Compare scores with friends on all Sporcle quizzes.
Join for Free
OR
Log In

You Might Also Like...

Show Comments

Extras

Top Quizzes Today


Score Distribution

Your Account Isn't Verified!

In order to create a playlist on Sporcle, you need to verify the email address you used during registration. Go to your Sporcle Settings to finish the process.

Report this User

Report this user for behavior that violates our Community Guidelines.

Details: